000 00242nam a2200109Ia 4500
005 20251222114341.0
008 251222s1900||||xx |||||||||||||| ||spa||
082 _aDVD0111/H53/2005
245 0 _aBob Esponja
264 _bNickelodeon
942 _cDVD
999 _c844
_d844